MyGZULibrary

Crossing the Zambezi : (Record no. 756)

MARC details
000 -LEADER
fixed length control field 01340cam a2200349 a 4500
001 - CONTROL NUMBER
control field 15899997
003 - CONTROL NUMBER IDENTIFIER
control field GZU
005 - DATE AND TIME OF LATEST TRANSACTION
control field 20200911160013.0
008 - FIXED-LENGTH DATA ELEMENTS--GENERAL INFORMATION
fixed length control field 090909s2009 enkab b 001 0 eng
010 ## - LIBRARY OF CONGRESS CONTROL NUMBER
LC control number 2009281358
015 ## - NATIONAL BIBLIOGRAPHY NUMBER
National bibliography number GBA8D9448
Source bnb
016 7# - NATIONAL BIBLIOGRAPHIC AGENCY CONTROL NUMBER
Record control number 014852969
Source Uk
020 ## - INTERNATIONAL STANDARD BOOK NUMBER
International Standard Book Number 9781847014023 (hbk. : James Currey)
020 ## - INTERNATIONAL STANDARD BOOK NUMBER
International Standard Book Number 184701402X (hbk. : James Currey)
020 ## - INTERNATIONAL STANDARD BOOK NUMBER
International Standard Book Number 9781779220776 (hbk. : Weaver)
020 ## - INTERNATIONAL STANDARD BOOK NUMBER
International Standard Book Number 1779220774 (hbk. : Weaver)
035 ## - SYSTEM CONTROL NUMBER
System control number (OCoLC)ocn243545100
040 ## - CATALOGING SOURCE
Original cataloging agency UKM
Transcribing agency UKM
Modifying agency BTCTA
-- BAKER
-- YDXCP
-- BWKUK
-- BWK
-- CDX
-- DLC
042 ## - AUTHENTICATION CODE
Authentication code lccopycat
050 00 - LIBRARY OF CONGRESS CALL NUMBER
Classification number DT1190.Z36
Item number McG 2009
100 1# - MAIN ENTRY--PERSONAL NAME
Personal name McGregor, JoAnn.
Relator term author
245 10 - TITLE STATEMENT
Title Crossing the Zambezi :
Remainder of title the politics of landscape on a Central African frontier /
Statement of responsibility, etc. JoAnn McGregor.
260 ## - PUBLICATION, DISTRIBUTION, ETC.
Place of publication, distribution, etc. Woodbridge, UK ;
-- Rochester, NY :
Name of publisher, distributor, etc. James Currey ;
Place of publication, distribution, etc. Harare, Zimbabwe :
Name of publisher, distributor, etc. Weaver Press,
Date of publication, distribution, etc. 2009.
300 ## - PHYSICAL DESCRIPTION
Extent x, 237 p. :
Other physical details ill., maps ;
Dimensions 25 cm.
500 ## - GENERAL NOTE
General note Includes bibliographical references (p. 214-228) and index.
504 ## - BIBLIOGRAPHY, ETC. NOTE
Bibliography, etc. note Includes bibliographical references (p. 214-228) and index.
651 #0 - SUBJECT ADDED ENTRY--GEOGRAPHIC NAME
Geographic name Zambezi River
General subdivision History.
651 #0 - SUBJECT ADDED ENTRY--GEOGRAPHIC NAME
Geographic name Zambezi River Valley
General subdivision History.
906 ## - LOCAL DATA ELEMENT F, LDF (RLIN)
a 7
b cbc
c copycat
d 2
e ncip
f 20
g y-gencatlg
942 ## - ADDED ENTRY ELEMENTS (KOHA)
Source of classification or shelving scheme Library of Congress Classification
Koha item type Books
Classification part 1190.Z36
Item part McG
Call number prefix DT
Holdings
Withdrawn status Lost status Source of classification or shelving scheme Damaged status Not for loan Collection code Home library Current library Shelving location Date acquired Source of acquisition Total Checkouts Full call number Barcode Date last seen Copy number Price effective from Koha item type Inventory number Date last checked out
    Library of Congress Classification     Non-fiction City Campus Library City Campus Library General Stacks 03/15/2010 Donated by The Embassy of Switzerland   DT1190.Z36 McG 2009 B017149 09/11/2020 c. 1 09/11/2020 Books    
          Non-fiction Mashava Campus Library Mashava Campus Library General Stacks 05/11/2021 Purchase 1 DT1190. MCG 2009 B017147 04/16/2025 C.2 05/11/2021 Books B017147 04/11/2025